[Event "9th South Wales Int"]
[Site "Penarth WLS"]
[Date "2012.07.08"]
[Round "1.6"]
[White "Leconte,JO"]
[Black "Iyengar,I"]
[Result "0-1"]
[WhiteElo "2298"]
[BlackElo "2003"]

1.e4 c5 2.Nc3 Nc6 3.Bb5 Nd4 4.Bc4 g6 5.Nf3 Bg7 6.Nxd4 cxd4 7.Qf3 e6 8.Nb5 Qb6
9.Qf4 Qc5 10.b3 Be5 11.Ba3 Qxb5 12.Qg5 Qa5 13.Bb2 f6 14.Qh4 d3 15.c3 b5 16.b4 Qb6
17.Bxd3 Bb7 18.O-O Ne7 19.Bc2 f5 20.Rae1 Bg7 21.exf5 Nxf5 22.Bxf5 gxf5 23.Qh5+ Kd8
24.d4 Bd5 25.f3 Kc7 26.Bc1 Raf8 27.Bf4+ Kb7 28.Kh1 Bf6 29.Bh6 Rfg8 30.Qf7 Qd8
31.Qh5 Bg5 32.Rf2 Rg6 33.Bxg5 Qxg5  0-1

[Event "4th Rethymno Open"]
[Site "Rethymno GRE"]
[Date "2012.07.08"]
[Round "3.27"]
[White "Nitin,S"]
[Black "Maltsev,L"]
[Result "1-0"]
[WhiteElo "2417"]
[BlackElo "1945"]

1.e4 c5 2.Ne2 Nc6 3.Nbc3 d6 4.d4 cxd4 5.Nxd4 e5 6.Nb3 Nf6 7.Bg5 Be7 8.Qd2 h6
9.Be3 Be6 10.O-O-O O-O 11.f3 Nb4 12.a3 Bxb3 13.cxb3 Nc6 14.Nb1 a6 15.g4 b5
16.h4 Nh7 17.g5 h5 18.g6 fxg6 19.Qd5+ Kh8 20.Qxc6  1-0

[Event "16th Godesburg Open"]
[Site "Bad Godesberg GER"]
[Date "2012.07.09"]
[Round "3.10"]
[White "Broehl,S"]
[Black "Meul,W"]
[Result "1-0"]
[WhiteElo "2131"]
[BlackElo "1860"]

1.e4 c5 2.Nc3 Nc6 3.Bb5 g6 4.Bxc6 dxc6 5.d3 Bg7 6.Be3 Qd6 7.Qd2 e5 8.f4 f5
9.Nf3 Ne7 10.fxe5 Bxe5 11.Nxe5 Qxe5 12.d4 Qe6 13.d5 cxd5 14.exd5 Qd6 15.Bf4 Qd7
16.O-O-O O-O 17.Rhe1 b6 18.Bg5 Re8 19.d6  1-0

[Event "35th Barbera Open A"]
[Site "Barbera del Valles ESP"]
[Date "2012.07.09"]
[Round "6.12"]
[White "Van Riemsdijk,H"]
[Black "Cornette,M"]
[Result "1/2-1/2"]
[WhiteElo "2397"]
[BlackElo "2567"]

1.e4 c5 2.Nf3 Nc6 3.Nc3 g6 4.d4 cxd4 5.Nxd4 Bg7 6.Be3 Nf6 7.Bc4 O-O 8.Bb3 d6
9.h3 Na5 10.O-O b6 11.Qd3 Nxb3 12.axb3 Bb7 13.Nde2 a6 14.Rfd1 b5 15.Bd4 e5
16.Be3 b4 17.Nd5 Nxd5 18.exd5 a5 19.c4 bxc3 20.bxc3 f5 21.f3 Ba6 22.Qd2 f4
23.Bf2 e4 24.Nxf4 Bh6 25.Be3 Qg5 26.Re1 Qg3 27.Ne6 Bxe3+ 28.Rxe3 Rxf3 29.Rxf3 exf3
30.Qf2 Qe5 31.Qxf3 Bb7 32.Rf1 Qxe6 33.dxe6 Bxf3 34.Rxf3 Re8 35.Re3 Kg7 36.Kf2 Kf6
37.Rf3+ Ke5 38.Ke2 Rxe6 39.Kd3 d5 40.Re3+ Kd6 41.Rxe6+ Kxe6 42.Kd4 Kd6 43.h4 h6
44.Kd3 Ke5 45.Ke3 g5 46.h5 Ke6 47.Kd4 Kd6 48.g4 Ke6 49.Kd3 Kd6  1/2-1/2

[Event "11th La Fere Open"]
[Site "La Fere FRA"]
[Date "2012.07.09"]
[Round "3.1"]
[White "Degraeve,JM"]
[Black "Bardoux,T"]
[Result "1-0"]
[WhiteElo "2580"]
[BlackElo "2157"]

1.e4 c5 2.Nc3 Nc6 3.Bb5 Nd4 4.Bc4 e6 5.Nge2 a6 6.Nxd4 cxd4 7.Ne2 b5 8.Bb3 Bb7
9.d3 Qb6 10.O-O Ne7 11.Bd2 d5 12.Ng3 dxe4 13.Nxe4 Nf5 14.a4 Be7 15.axb5 axb5
16.Rxa8+ Bxa8 17.Qa1 O-O 18.Qa5 Qxa5 19.Bxa5 Bc6 20.Re1 h6 21.h3 Rc8 22.Bb6 Bd5
23.Bxd5 exd5 24.Ng3 Nxg3 25.Rxe7 Nf5 26.Re5 g6 27.Rxd5 Rxc2 28.Rxb5 Rd2 29.Kf1  1-0

[Event "86th ch-ARG 2012"]
[Site "La Plata ARG"]
[Date "2012.07.09"]
[Round "8.4"]
[White "Perez Ponsa,F"]
[Black "Lujan,C"]
[Result "1-0"]
[WhiteElo "2489"]
[BlackElo "2367"]

1.e4 c5 2.Nf3 Nc6 3.Nc3 e5 4.Bc4 Be7 5.d3 Nf6 6.Ng5 O-O 7.f4 exf4 8.Bxf4 d6
9.O-O Bg4 10.Qd2 Nd4 11.Kh1 h6 12.Nf3 Be6 13.Rae1 Re8 14.Nxd4 cxd4 15.Nb5 Qb6
16.Qf2 Rac8 17.b3 d5 18.exd5 Bxd5 19.Nxd4 Bc5 20.c3 Ng4 21.Qg3 Bxc4 22.dxc4 Nf6
23.Be5 Nh5 24.Qg4 Qg6 25.Qf3 f6 26.g4 Rxe5 27.Rxe5 fxe5 28.gxh5 Qe8 29.Qd5+ Kh8
30.Ne6 Be7 31.Qxe5 Bf6 32.Rxf6  1-0

[Event "9th South Wales Int"]
[Site "Penarth WLS"]
[Date "2012.07.09"]
[Round "4.9"]
[White "Leconte,M"]
[Black "Taylor,RG"]
[Result "1-0"]
[WhiteElo "2224"]
[BlackElo "1950"]

1.e4 c5 2.Nc3 Nc6 3.Bb5 d6 4.Bxc6+ bxc6 5.d3 g6 6.f4 Bg7 7.Nf3 e6 8.O-O Rb8
9.Qe1 Ne7 10.b3 O-O 11.Bd2 Ba6 12.Qf2 f6 13.Kh1 e5 14.Qh4 Qd7 15.fxe5 fxe5
16.Bh6 Kh8 17.Ng5 Ng8 18.Bxg7+ Qxg7 19.Ne6 Rxf1+ 20.Rxf1 Qh6 21.Qf2 g5 22.Qf7 Bc8
23.Nd8 Bg4 24.Qc7 Rxd8 25.Qxd8 Be6 26.Qxd6  1-0

[Event "6th LCT GpA 2012"]
[Site "Leiden NED"]
[Date "2012.07.10"]
[Round "5.17"]
[White "Van Overdam,Jan"]
[Black "Slingerland,F"]
[Result "1-0"]
[WhiteElo "2101"]
[BlackElo "2360"]

1.e4 c5 2.Nc3 Nc6 3.Bb5 Nd4 4.Bc4 g6 5.Nf3 Bg7 6.Nxd4 cxd4 7.Qf3 Nh6 8.Ne2 O-O
9.d3 e5 10.Qg3 d6 11.h4 Ng4 12.h5 Qf6 13.h6 Bh8 14.Rh4 b5 15.Bd5 Rb8 16.Rxg4 Bxg4
17.Qxg4 Qe7 18.Bd2 Rfc8 19.Bb3 Bf6 20.g3 Kh8 21.f3 Qe8 22.Kf2 Kg8 23.a4 bxa4
24.Rxa4 Rc7 25.Nc1 Be7 26.Ra5 Qc6 27.Ne2 Qe8 28.f4 Bf8 29.f5 Qc8 30.Qf3 Qd8
31.Ra1 Qe7 32.Qg4 Kh8 33.Kg2 Qd7 34.Bg5 Be7 35.Qh4 Qd8 36.Bxe7 Qxe7 37.Qxe7 Rxe7
38.f6 Rd7 39.Ng1 Kg8 40.Nf3 Rb6 41.Ra5 Rc7 42.Kf2 Kf8 43.Rd5 Rc5 44.Ng5 Rxd5
45.Bxd5 Rxb2 46.Nxf7 Rxc2+ 47.Kf3 Rh2 48.Nxd6 Rxh6 49.Nf7 Rh5 50.g4 Rh1 51.Nxe5 Rf1+
52.Kg2 Rxf6 53.Nd7+ Ke7 54.Nxf6 Kxf6 55.Kg3 a5 56.Kf4 h6 57.g5+ hxg5+ 58.Kg4 a4
59.Bc4 a3 60.Bd5  1-0

[Event "34th Oberwart Open A"]
[Site "Oberwart AUT"]
[Date "2012.07.10"]
[Round "4.9"]
[White "Rogulj,B"]
[Black "Makk,R"]
[Result "1-0"]
[WhiteElo "2397"]
[BlackElo "2238"]

1.e4 c5 2.Nc3 Nc6 3.Bb5 Nd4 4.Nf3 Nxb5 5.Nxb5 d6 6.d4 Nf6 7.Nc3 cxd4 8.Qxd4 e5
9.Qd3 h6 10.O-O Be7 11.Rd1 a6 12.a4 Be6 13.a5 Rc8 14.Be3 Qc7 15.Bb6 Qc6 16.h3 O-O
17.Qe3 Nd7 18.Ba7 Nc5 19.Rd2 f5 20.exf5 Rxf5 21.Rad1 Bf7 22.Bxc5 Qxc5 23.Qe4 Rf4
24.Qxb7 Rc7 25.Qxa6 Ra7 26.Qe2 Qxa5 27.Nd5 Bxd5 28.Rxd5 Qc7 29.c3 Raa4 30.Nd2 Qa7
31.g3 Rf8 32.Nf1 Ra2 33.Ne3 Rb8 34.Rb5 Bg5 35.Rxb8+  1-0

[Event "4th Rethymno Open"]
[Site "Rethymno GRE"]
[Date "2012.07.10"]
[Round "5.14"]
[White "Romero Holmes,A"]
[Black "Ansell,S"]
[Result "1/2-1/2"]
[WhiteElo "2523"]
[BlackElo "2376"]

1.e4 c5 2.Nc3 Nc6 3.Bb5 Nd4 4.Nf3 e6 5.a4 a6 6.Bc4 Qc7 7.d3 Nf6 8.Nxd4 cxd4
9.Ne2 Nxe4 10.dxe4 Qxc4 11.Qxd4 Qxd4 12.Nxd4 b6 13.Be3 Bb7 14.f3 Rc8 15.c3 Bc5
16.Kf2 Ke7 17.Rhd1 f6 18.b4 Bd6 19.Ne2 Bc7 20.c4 Rhd8 21.Rac1 d6 22.Nd4 g6
23.Nb3 Ba8 24.g4 Bc6 25.b5 Ba8 26.bxa6 e5 27.Ra1 Rd7 28.a5 bxa5 29.a7 Bd8
30.Rdc1 Rb7 31.Nxa5 Rb2+ 32.Kg1 Bb6 33.Bxb6 Rxb6 34.c5 Rxc5 35.Rxc5 dxc5
36.Nc4 Rb3 37.Kf2 f5 38.Ra5 fxe4 39.fxe4 Rh3 40.Kg2 Rc3 41.Rxc5 Bxe4+ 42.Kf2 Bh1
43.Rxe5+ Kd8 44.Rc5 Rc2+ 45.Ke3 g5 46.h3 h6 47.Kd4 Ra2 48.Na5 Kd7 49.Ke5 Ra3
50.Kf6 Rxh3 51.Nc6 Ra3 52.Ra5 Rxa5 53.Nxa5 Kc7 54.Nb3 Kb7 55.Nd4 Kxa7 56.Kg6 Bg2  1/2-1/2

[Event "4th Rethymno Open"]
[Site "Rethymno GRE"]
[Date "2012.07.10"]
[Round "5.28"]
[White "Serntedakis,A"]
[Black "Le Huec,M1"]
[Result "1/2-1/2"]
[WhiteElo "1953"]
[BlackElo "2274"]

1.e4 c5 2.Nc3 Nc6 3.Bb5 Nd4 4.Bc4 e6 5.Nge2 Nf6 6.O-O a6 7.d3 b5 8.Bb3 Nxb3
9.axb3 Bb7 10.f4 d5 11.e5 d4 12.exf6 dxc3 13.f5 Qxf6 14.fxe6 cxb2 15.exf7+ Kd7
16.Bxb2 Qxb2 17.c3 g5 18.Rb1 Qa2 19.Ra1 Qb2 20.Rb1  1/2-1/2

[Event "2nd Polugaevsky Mem"]
[Site "Samara RUS"]
[Date "2012.07.10"]
[Round "6.1"]
[White "Frolyanov,D"]
[Black "Fedorov,Alex"]
[Result "0-1"]
[WhiteElo "2564"]
[BlackElo "2562"]

1.e4 c5 2.Nf3 Nc6 3.Nc3 e5 4.Bc4 Be7 5.d3 Nf6 6.Ng5 O-O 7.f4 d5 8.exd5 Bg4
9.Qd2 Nd4 10.O-O exf4 11.Qxf4 Bd6 12.Qf2 Qb8 13.Bf4 Bxf4 14.Qxf4 b5 15.Qxb8 Raxb8
16.Bb3 c4 17.dxc4 bxc4 18.Bxc4 Nxc2 19.Rab1 Ne3 20.Rf4 h6 21.Nh3 Bf5 22.Re1 Nxc4
23.Rxf5 Rxb2 24.Rf2 Rc8 25.Rxb2 Nxb2 26.Re3 Nxd5 27.Nxd5 Rc1+ 28.Kf2 Nd1+
29.Ke2 Nxe3 30.Nxe3 Ra1 31.Nf4 Rxa2+ 32.Kd3 g6 33.Nfd5 Kg7 34.h3 f5 35.Nc3 Ra1
36.Ncd5 Ra3+ 37.Kd4 Ra4+ 38.Kd3 f4 39.Nc4 g5 40.h4 Ra2 41.hxg5 hxg5 42.Nd2 Kg6
43.Nc3 Ra1 44.Nce4 g4 45.Kd4 Kf5 46.Nd6+ Ke6 47.N6c4 Re1 48.Ne4 Rd1+ 49.Kc3 Rg1
50.Nc5+ Kf6 51.Nd3 Kg5 52.Nd6 Rxg2 53.Ne4+ Kh4 54.Nxf4 Ra2 55.Kb3 Ra5 56.Ne2 Re5
57.N2g3 a5 58.Kc4 a4 59.Kd4 Ra5  0-1

[Event "Turkish Bank Chess League 2012"]
[Site "Konya TUR"]
[Date "2012.07.11"]
[Round "1"]
[White "Agamaliev,G"]
[Black "Emiroglu,C"]
[Result "1/2-1/2"]
[WhiteElo "2518"]
[BlackElo "2278"]

1.e4 c5 2.Nc3 Nc6 3.Bb5 Nd4 4.Bc4 e6 5.Nf3 a6 6.a4 Nf6 7.O-O Qc7 8.h3 Be7
9.d3 Nxf3+ 10.Qxf3 O-O 11.a5 d6 12.Qg3 Qd8 13.Bb3 e5 14.Bh6 Nh5 15.Qf3 Nf6
16.Bg5 Be6 17.Bc4 h6 18.Bd2 Qc7 19.Qe2 Qc6 20.f4 exf4 21.Bxf4 Rae8 22.Qf3 Bxc4
23.dxc4 Bd8 24.Qg3 Nxe4 25.Nxe4 Qxe4 26.Rad1 Re6 27.Rxd6 Rxd6 28.Bxd6 Re8
29.Qd3 Bf6 30.Bxc5 Bd8 31.Bd6 Bf6 32.Bc5 Bxb2 33.Qd7 Bf6 34.Bb6 Re6 35.Qd3 Qc6
36.Qd5 Rd6 37.Qxc6 Rxc6 38.Rd1 Rxc4  1/2-1/2

[Event "Turkish Bank Chess League 2012"]
[Site "Konya TUR"]
[Date "2012.07.11"]
[Round "1"]
[White "Yurtseven,M"]
[Black "Topel,Z"]
[Result "1-0"]
[WhiteElo "2148"]
[BlackElo "2226"]

1.e4 c5 2.Nf3 Nc6 3.Nc3 d6 4.d4 cxd4 5.Nxd4 Nf6 6.Bc4 e6 7.Be3 a6 8.Qe2 Na5
9.Bd3 b5 10.O-O Bb7 11.Rad1 Qc7 12.Ndxb5 axb5 13.Nxb5 Qd8 14.e5 Nd5 15.Be4 f5
16.Bxd5 Bxd5 17.Rxd5 exd5 18.exd6 Kd7 19.Qf3 Kc6 20.Rd1 Kd7 21.Qxf5+ Kc6
22.Qxd5+ Kd7 23.Qf5+ Kc6 24.d7 Kb7 25.Qd5+ Ka6 26.Nc7+  1-0

[Event "9th South Wales Int"]
[Site "Penarth WLS"]
[Date "2012.07.11"]
[Round "7.4"]
[White "Pleasants,A"]
[Black "Duncan,C"]
[Result "1-0"]
[WhiteElo "2070"]
[BlackElo "2318"]

1.e4 c5 2.Nc3 Nc6 3.Bb5 Nd4 4.Nf3 Nxb5 5.Nxb5 d5 6.exd5 a6 7.Nc3 Nf6 8.d4 c4
9.Ne5 b5 10.Bg5 Bb7 11.Nc6 Qd7 12.Bxf6 gxf6 13.Qf3 Rg8 14.a4 b4 15.Nxb4 e6
16.Nc6 Bxc6 17.dxc6 Qxd4 18.c7 Rc8 19.O-O Be7 20.Qc6+ Qd7 21.Qxc4 Qxc7 22.Qxa6 Rb8
23.Nb5 Qc5 24.Ra3 Kf8 25.Rc3 Qd5 26.Rc8+ Rxc8 27.Qxc8+ Kg7 28.Qc7 Kf8 29.g3 Rg4
30.Nc3 Qf3 31.a5 Bb4 32.a6 Bxc3 33.bxc3 Ra4 34.Rb1 Kg7 35.a7 Ra2 36.Qb7 Qxb7
37.Rxb7 f5 38.Kg2 Kf6 39.Kf3 Ra3 40.Ke2 e5 41.Kd3 Ra4 42.c4 Ra3+ 43.Kd2 Ke6
44.Kc1 h5 45.Kb2 Ra6 46.Kc3 f6 47.Rb6+  1-0

[Event "Int Open ch-SVK 2012"]
[Site "Banska Stiavnica SVK"]
[Date "2012.07.12"]
[Round "6.18"]
[White "Kukel,I jr"]
[Black "Jozefek,M"]
[Result "0-1"]
[WhiteElo "2291"]
[BlackElo "2076"]

1.e4 c5 2.Nf3 Nc6 3.Nc3 g6 4.Bb5 Bg7 5.O-O Nf6 6.d3 O-O 7.h3 d6 8.Nh2 Nd4
9.f4 d5 10.e5 Nh5 11.Ba4 Ng3 12.Re1 a6 13.Nf3 Ngf5 14.Nxd4 Nxd4 15.Bb3 Be6
16.a3 Nxb3 17.cxb3 d4 18.Ne4 Qb6 19.Bd2 a5 20.Rc1 Rac8 21.b4 cxb4 22.Rxc8 Rxc8
23.axb4 axb4 24.Qa4 b3 25.Bb4 Bf8 26.Qa3 Qc7 27.Bc5 Bd5 28.Bxd4 Qc2 29.Qa5 e6
30.Nf6+ Kh8 31.Nxd5 Qxd3 32.Qb6 Qd2 33.Ra1 exd5 34.Kh1 Rc1+ 35.Rxc1 Qxc1+
36.Kh2 Qxf4+ 37.Kg1 Be7 38.Bc3 Qc4 39.Qxb7 Bc5+ 40.Kh1 Qf1+ 41.Kh2 Bg1+ 42.Kh1 Be3+
43.Kh2 Bf4+ 44.g3 Qf2+ 45.Kh1 Qf3+ 46.Kg1 Be3+ 47.Kh2 Qf2+  0-1

[Event "119th ch-SCO 2012"]
[Site "Glasgow SCO"]
[Date "2012.07.12"]
[Round "6.8"]
[White "Sengupta,D"]
[Black "Tate,A"]
[Result "1-0"]
[WhiteElo "2548"]
[BlackElo "2346"]

1.e4 c5 2.Nc3 Nc6 3.Nf3 g6 4.d4 cxd4 5.Nxd4 Bg7 6.Be3 Nf6 7.Bc4 O-O 8.Bb3 d6
9.f3 Bd7 10.Qd2 Na5 11.h4 Nxb3 12.axb3 h5 13.Bh6 a5 14.O-O-O a4 15.bxa4 Qa5
16.g4 hxg4 17.h5 gxh5 18.Ndb5 Bxb5 19.Bxg7  1-0

[Event "Turkish Bank Chess League 2012"]
[Site "Konya TUR"]
[Date "2012.07.12"]
[Round "2"]
[White "Emiroglu,C"]
[Black "Metin,M"]
[Result "1-0"]
[WhiteElo "2278"]
[BlackElo "2189"]

1.e4 c5 2.Nf3 Nc6 3.Nc3 g6 4.Bb5 Bg7 5.Bxc6 dxc6 6.d3 Bg4 7.h3 Bxf3 8.Qxf3 Nf6
9.O-O O-O 10.Be3 b6 11.Qe2 Ne8 12.f4 Nc7 13.f5 Nb5 14.Qd2 Qd6 15.Nd1 Rad8
16.a4 Nc7 17.Bf4 Qd7 18.Ne3 Bxb2 19.Rad1 Bg7 20.Ng4 Ne8 21.Bh6 Nf6 22.Bxg7 Kxg7
23.Qh6+ Kg8 24.Nxf6+ exf6 25.Rf4 Qd4+ 26.Kh1 Qe3 27.e5 Kh8 28.exf6 Rg8 29.Rdf1 Rd4
30.Qg5 Rxf4 31.Qxf4 Qxf4 32.Rxf4 Re8 33.Kg1 Re5 34.d4 Re2 35.Kf1 Rxc2 36.Re4 h6
37.fxg6 Rc1+ 38.Kf2 Rc2+ 39.Kg3 Rc3+ 40.Kh2  1-0

[Event "Turkish Bank Chess League 2012"]
[Site "Konya TUR"]
[Date "2012.07.13"]
[Round "3"]
[White "Muzychuk,M"]
[Black "Nikolova,A"]
[Result "1-0"]
[WhiteElo "2456"]
[BlackElo "2360"]

1.e4 c5 2.Nc3 Nc6 3.Bb5 Nd4 4.Nf3 g6 5.O-O Bg7 6.Ba4 a6 7.Nxd4 cxd4 8.Ne2 b5
9.Bb3 e6 10.d3 Ne7 11.f4 O-O 12.Qe1 d5 13.e5 Qb6 14.Nxd4 Nf5 15.Be3 Nxe3
16.Qxe3 f6 17.c3 fxe5 18.fxe5 Bd7 19.Rae1 Rxf1+ 20.Rxf1 Rf8 21.Rxf8+ Bxf8
22.Nc2 Qc7 23.Qf4 a5 24.a3 b4 25.axb4 axb4 26.cxb4 Bg7 27.d4 Bf8 28.Qf6 Bg7
29.Qf3 Bf8 30.h3 Be7 31.Kh2 Qb6 32.Qe3 Qb5 33.Kg3 Qf1 34.Qf3 Qc1 35.Ne3 Kg7
36.Qf2 Bg5 37.Ng4 h5 38.h4 Be7 39.Nh2 g5 40.hxg5 Bxg5 41.Kh3 Be8 42.Bc2 Bb5
43.Qg3 Kh6 44.Bd3 Bxd3 45.Qxd3 Qxb2 46.b5 Bf4 47.g3 Bg5 48.Nf3 Qb4 49.Nxg5 Kxg5
50.Qf1 Kg6 51.Qf6+ Kh7 52.Qf7+ Kh8 53.Qxh5+ Kg7 54.Qg4+ Kf7 55.Qf3+ Kg8 56.Qf6 Qxd4
57.Qxe6+ Kf8 58.Qf6+ Ke8 59.Qh8+ Ke7 60.Qh4+  1-0

[Event "11th La Fere Open"]
[Site "La Fere FRA"]
[Date "2012.07.13"]
[Round "8.9"]
[White "Forthofer,R"]
[Black "Brugge,Bruno"]
[Result "1-0"]
[WhiteElo "2259"]
[BlackElo "1735"]

1.e4 c5 2.Nf3 Nc6 3.Nc3 g6 4.d4 cxd4 5.Nxd4 Bg7 6.Be3 d6 7.Bc4 Nf6 8.f3 O-O
9.Bb3 Na5 10.Qd2 Nxb3 11.Nxb3 a6 12.O-O-O b5 13.h4 b4 14.Nd5 Nxd5 15.exd5 a5
16.Bh6 f5 17.Bxg7 Kxg7 18.h5 Rf6 19.Nd4 Qe8 20.Rde1 e5 21.dxe6 Bxe6 22.Nxe6+ Rxe6
23.Qd4+ Kg8 24.Qd5 Kf7 25.hxg6+ Kf6 26.Rxe6+ Qxe6 27.Qxa8 Qxa2 28.gxh7  1-0

[Event "III Maravilhosa Open 2012"]
[Site "Laranjeiras BRA"]
[Date "2012.07.13"]
[Round "1.5"]
[White "Santiago,Y"]
[Black "Ferreira,Claudio Jose"]
[Result "1-0"]
[WhiteElo "2345"]
[BlackElo "1918"]

1.e4 c5 2.Nf3 Nc6 3.Nc3 g6 4.d4 cxd4 5.Nxd4 Bg7 6.Be3 Nf6 7.Bc4 Qa5 8.O-O O-O
9.Bb3 d6 10.h3 Bd7 11.f4 Qh5 12.Qd2 Nxd4 13.Bxd4 Bc6 14.e5 dxe5 15.fxe5 Ne4
16.Nxe4 Bxe4 17.Qf4 Bc6 18.Bxf7+ Kh8 19.e6 Qd5 20.Bxg7+ Kxg7 21.Rf2 Rad8
22.c3 Be8 23.Raf1 Bb5 24.Re1 Bc6 25.Re5 Qd1+ 26.Kh2 Qd6 27.h4 Qd3 28.h5 Rd5
29.Qg5 Rxe5 30.h6+  1-0

[Event "34th Oberwart Open A"]
[Site "Oberwart AUT"]
[Date "2012.07.13"]
[Round "7.16"]
[White "Higatsberger,M"]
[Black "Veszpremi,A"]
[Result "1-0"]
[WhiteElo "2152"]
[BlackElo "2262"]

1.e4 c5 2.Nc3 Nc6 3.Bb5 g6 4.Bxc6 dxc6 5.f4 Bg7 6.Nf3 Nf6 7.O-O O-O 8.d3 b5
9.Qe1 Nd7 10.e5 Nb6 11.a4 c4 12.a5 Nd5 13.dxc4 bxc4 14.Ne4 Rb8 15.Ra4 Ba6
16.Rf2 Bb5 17.Ra3 Qc7 18.Nc5 e6 19.Ng5 Rfd8 20.Rh3 h6 21.Ngxe6 fxe6 22.Nxe6 Qe7
23.f5 c3 24.Rg3 cxb2 25.Bxb2 g5 26.Nxg7 Qxg7 27.f6 Qg6 28.f7+ Kh7 29.e6 Bc4
30.e7 Nxe7 31.Rd3 Bxd3 32.Qxe7 Rf8 33.cxd3 Qxd3 34.h4 g4 35.Qe5 Qb1+ 36.Kh2 Qg6
37.h5 g3+ 38.Kh3 gxf2 39.hxg6+ Kxg6 40.Qf6+  1-0

[Event "112th ch-SUI 2012"]
[Site "Flims SUI"]
[Date "2012.07.14"]
[Round "3.3"]
[White "Kurmann,O"]
[Black "Domont,A"]
[Result "1-0"]
[WhiteElo "2460"]
[BlackElo "2364"]

1.e4 c5 2.Nf3 Nc6 3.Nc3 g6 4.d4 cxd4 5.Nxd4 Bg7 6.Be3 Nf6 7.Bc4 Qa5 8.O-O O-O
9.Nb3 Qc7 10.Bg5 a6 11.Re1 d6 12.Bxf6 exf6 13.Nd5 Qd8 14.c3 f5 15.exf5 Bxf5
16.Qd2 Qh4 17.f4 Rae8 18.g3 Qd8 19.Ne3 b5 20.Bd5 Be4 21.a3 Qb6 22.Qf2 Qb8
23.Nd2 Bxd5 24.Nxd5 Re6 25.Nb4 Nxb4 26.axb4 d5 27.Nb3 Rfe8 28.Rxe6 Rxe6 29.Rd1 Qe8
30.Kf1 Rd6 31.Qf3 Qc8 32.Nd4 h5 33.Kg2 Bf6 34.f5 Kg7 35.fxg6 fxg6 36.Ne2 Qe8
37.h4 Qe5 38.Nf4 d4 39.Rxd4 Rxd4 40.cxd4 Qf5 41.Qc6 Kh6 42.Ne6 Qb1 43.Qf3 Qxb2+
44.Kh3 Qb1 45.g4 hxg4+ 46.Kxg4 Qg1+ 47.Kh3 Bg7 48.Qf4+  1-0

[Event "35th Taminco Open"]
[Site "Ghent BEL"]
[Date "2012.07.14"]
[Round "2.5"]
[White "De Vleeschauwer,M"]
[Black "Van der Stricht,G"]
[Result "1/2-1/2"]
[WhiteElo "2012"]
[BlackElo "2403"]

1.e4 c5 2.Nc3 Nc6 3.Bb5 Nd4 4.Bc4 e6 5.Nge2 Nf6 6.O-O a6 7.d3 b5 8.Bb3 Nxb3
9.axb3 Bb7 10.Bg5 Be7 11.f4 d5 12.e5 Ng4 13.Bxe7 Qxe7 14.Qd2 b4 15.Na4 d4
16.h3 Ne3 17.Rf2 O-O 18.Nb6 Ra7 19.Nc4 Nxc4 20.bxc4 a5 21.c3 dxc3 22.bxc3 a4
23.cxb4 cxb4 24.Nd4 Ra6 25.f5 Qc5 26.f6 Rd8 27.Nb5 Qxe5 28.d4 Qe4 29.Qxb4 gxf6
30.Qe7 Rxd4 31.Nxd4 Qxd4 32.Rb1 Rb6 33.Rxb6 Qxb6 34.Qxf6 Qb1+ 35.Rf1 Qg6
36.Qxg6+ hxg6 37.Kf2 Kf8 38.Ra1 Bc6 39.Ke3 Ke7 40.g4 g5 41.Rd1 f6 42.c5 Bd5
43.Ra1 Bb3 44.Rb1 Kd7 45.Kd4 Kc6 46.Rb2 Kc7 47.Kc3 Kc6 48.Kb4 f5 49.gxf5 exf5
50.Rg2 g4 51.hxg4 Bd5 52.Rg1 f4 53.g5 a3 54.Kxa3 Kxc5 55.Re1 f3 56.g6 Bc4
57.Re3 f2 58.Rf3 f1=Q 59.Rxf1 Bxf1  1/2-1/2

[Event "24th ch-Southern California 2012"]
[Site "Monterey Park USA"]
[Date "2012.07.14"]
[Round "1"]
[White "Clawitter,C"]
[Black "Krishnan,V"]
[Result "0-1"]
[WhiteElo "2118"]
[BlackElo "2146"]

1.e4 c5 2.Nc3 Nc6 3.Bb5 Nd4 4.Nf3 a6 5.Bd3 g6 6.Nxd4 cxd4 7.Ne2 Bg7 8.O-O d5
9.exd5 Qxd5 10.f4 Nf6 11.c4 dxc3 12.dxc3 O-O 13.Bc2 Qc5+ 14.Qd4 Qc7 15.f5 Rd8
16.Qh4 gxf5 17.Ng3 Ng4 18.Nh5 Be5 19.Bf4 Bxf4 20.Rxf4 f6 21.Qg3 Qb6+ 22.Kh1 Qxb2
23.Bb3+ Kh8 24.Raf1 Qe2 25.Re1 Nf2+ 26.Qxf2 Qxh5 27.Rxe7 Qg5 28.Qh4 h6 29.Qxg5 fxg5
30.Rc4 f4 31.Rcc7 Bf5 32.Rf7 Rf8 33.Rxb7 Rxf7 34.Rxf7 Re8 35.Kg1 Bd3 36.Rf6 Re1+  0-1

[Event "24th ch-Southern California 2012"]
[Site "Monterey Park USA"]
[Date "2012.07.14"]
[Round "2"]
[White "Taylor,T"]
[Black "Peters,Ja"]
[Result "1-0"]
[WhiteElo "2290"]
[BlackElo "2355"]

1.e4 c5 2.Nf3 Nc6 3.Nc3 d6 4.d4 cxd4 5.Nxd4 Nf6 6.Be2 e6 7.Be3 Be7 8.O-O O-O
9.f4 a6 10.Nf3 b5 11.Qd3 b4 12.Na4 Rb8 13.Rad1 Qc7 14.e5 Nd5 15.exd6 Bxd6
16.Ng5 f5 17.g3 Nce7 18.Bd4 h6 19.Nf3 Nc6 20.Bf2 Rd8 21.Qc4 a5 22.Rfe1 Bd7
23.Nc5 Bxc5 24.Qxc5 Nce7 25.Ne5 Qxc5 26.Bxc5 Rbc8 27.Bxe7  1-0

[Event "4th Rethymno Open"]
[Site "Rethymno GRE"]
[Date "2012.07.14"]
[Round "9.12"]
[White "Romero Holmes,A"]
[Black "Stany,G"]
[Result "1/2-1/2"]
[WhiteElo "2523"]
[BlackElo "2393"]

1.e4 c5 2.Nc3 Nc6 3.Bb5 Nd4 4.Nf3 g6 5.Nxd4 cxd4 6.Ne2 Bg7 7.O-O a6 8.Bc4 Nf6
9.e5 Ng4 10.f4 d6 11.h3 Nh6 12.d3 e6 13.Nxd4 dxe5 14.Nf3 exf4 15.Bxf4 Qb6+
16.Kh1 Nf5 17.Bb3 O-O 18.d4 Bd7 19.c3  1/2-1/2

[Event "TCh-CHN 2012"]
[Site "Tianjin CHN"]
[Date "2012.07.14"]
[Round "10"]
[White "Lin Chen"]
[Black "Wan Yunguo"]
[Result "0-1"]
[WhiteElo "2446"]
[BlackElo "2441"]

1.e4 c5 2.Nf3 Nc6 3.Nc3 g6 4.d4 cxd4 5.Nxd4 Bg7 6.Nb3 d6 7.Be2 Nf6 8.O-O O-O
9.Re1 Be6 10.Bg5 a5 11.Bb5 h6 12.Bh4 Qb6 13.a4 g5 14.Bg3 h5 15.h4 gxh4 16.Bxh4 Ng4
17.Qd2 Bxb3 18.cxb3 e6 19.Qg5 Nce5 20.Ne2 f5 21.Nf4 Rf6 22.exf5 Rxf5 23.Nd5 Qxf2+
24.Bxf2 Rxg5 25.Bh4 Bh6 26.Bxg5 Bxg5 27.Nc7 Rc8 28.Nxe6 Be3+ 29.Rxe3 Nxe3
30.Re1 Nf5 31.Rf1 Ng3 32.Rd1 Rc2 33.Kh2 Nf5 34.Bd3 Rxg2+ 35.Kxg2 Ne3+ 36.Kg3 Nxd1
37.Be4 b6 38.Nf4 Nxb2 39.Kh4 Kf7 40.Kxh5 Nd1 41.Nd5 Nd7 42.Bf5 Nc5 43.Nxb6 Ne3
44.Kg5 Nxb3 45.Bb1 Nd2 46.Bd3 Ke6 47.Bb5 Ke5 48.Nd7+ Ke4 49.Bc6+ d5 50.Nc5+ Ke5
51.Bxd5 Nxd5 52.Nb7 Nc4 53.Nxa5 Nxa5 54.Kg4 Ke4 55.Kg5 Ne3 56.Kf6 Kd5 57.Kg5 Ke5
58.Kg6 Ng4 59.Kg5 Nf6 60.Kg6 Ne4 61.Kf7 Kd6 62.Kg7 Ke7 63.Kg6 Ke6 64.Kg7 Ng5
65.Kg6 Nf3 66.Kg7 Ne5 67.Kh6 Kf5 68.Kh5 Ng6 69.Kh6 Nf4 70.Kg7 Ke6 71.Kh7 Kf7
72.Kh6 Kf6 73.Kh7 Ne6 74.Kh6 Ng7 75.Kh7 Nf5 76.Kg8 Ke7 77.Kh8 Kf7 78.Kh7 Nc6  0-1

[Event "FSGM July 2012"]
[Site "Budapest HUN"]
[Date "2012.07.15"]
[Round "8.4"]
[White "Idani,P"]
[Black "Szabolcsi,J"]
[Result "1-0"]
[WhiteElo "2473"]
[BlackElo "2418"]

1.e4 c5 2.Nf3 Nc6 3.Nc3 e5 4.Bc4 d6 5.d3 h6 6.Nd2 g6 7.Nf1 Bg7 8.Ne3 Nge7
9.O-O O-O 10.f4 exf4 11.Rxf4 Na5 12.Bd5 Nxd5 13.Ncxd5 Nc6 14.Rf1 Ne5 15.Bd2 b5
16.Rb1 a5 17.Be1 h5 18.Bg3 Ra7 19.Qe1 Be6 20.Kh1 Nc6 21.Bf4 Nb4 22.a3 Nxd5
23.exd5 Bc8 24.h4 Re8 25.Bg5 Qb6 26.Qf2 c4 27.Rbe1 Kh7 28.dxc4 Bxb2 29.Rb1 Bd4
30.Rxb5 Qc7 31.Rb3 Qc5 32.Rd3 Bf5 33.Rxd4 Qxd4 34.c3 Qc5 35.Qg3 Bd3 36.Rd1 Be4
37.Bf6 Qxe3 38.Qxe3 Bxg2+ 39.Kxg2 Rxe3 40.Bd4 Re2+ 41.Kf3 Rae7 42.c5 Rc2
43.cxd6 Rd7 44.Ke4 f5+ 45.Kd3 Rh2 46.Kc4 Rxd6 47.Kc5 Rd8 48.d6 Rc8+ 49.Kd5 Rxh4
50.c4 Rh2 51.c5 Rc2 52.d7  1-0

[Event "Sparkassen Open A"]
[Site "Dortmund GER"]
[Date "2012.07.15"]
[Round "2.17"]
[White "Imcke,P"]
[Black "Chilla,J"]
[Result "1-0"]
[WhiteElo "1874"]
[BlackElo "2158"]

1.e4 c5 2.Nc3 Nc6 3.Nf3 a6 4.d4 cxd4 5.Nxd4 Qb6 6.Be3 Nxd4 7.Bxd4 Qa5 8.Bc4 d6
9.O-O e6 10.f4 Ne7 11.f5 Nc6 12.fxe6 fxe6 13.Ne2 Bd7 14.Kh1 Ne5 15.Bb3 O-O-O
16.Nf4 Re8 17.a4 g6 18.Bc3 Qc5 19.Nd3 Qc7 20.Nxe5 dxe5 21.Rf7 Bd6 22.Qd3 Ref8
23.Raf1 Qc6 24.Rxf8+ Rxf8 25.Rxf8+ Bxf8 26.Bxe5 Bc5 27.h3 Ba7 28.Qc3 Kd8
29.Qxc6 Bxc6 30.Bxe6 Bxe4 31.Bb3 Kd7 32.Kh2 Bf2 33.Bg3 Bd4 34.c3 Be3 35.Bd1 Kc6
36.Be1 Bf4+ 37.Kg1 Be3+ 38.Bf2 Bc1 39.b3 Bb2 40.Be1 Ba3 41.Bf3 Bxf3 42.gxf3 Kd5
43.Kf2 Bc1 44.Ke2 Bf4 45.Kd3 b5 46.axb5 axb5 47.Bf2 h5 48.Be3 Bc7 49.Bd4 Bg3
50.c4+ bxc4+ 51.bxc4+ Ke6 52.Ke4 Bd6 53.Bb6 Bh2 54.f4 Kf6 55.Be3 Bg3 56.c5 Ke6
57.Bd4 Kd7 58.Be5 Kc6 59.Bd6 Bh2 60.Kf3 h4 61.Kg4 Bg3 62.Kg5 Kd5 63.Kxg6  1-0

[Event "34th Oberwart Open A"]
[Site "Oberwart AUT"]
[Date "2012.07.15"]
[Round "9.18"]
[White "Novkovic,J"]
[Black "Veszpremi,A"]
[Result "1-0"]
[WhiteElo "2025"]
[BlackElo "2262"]

1.e4 c5 2.Nf3 Nc6 3.Nc3 g6 4.d4 cxd4 5.Nxd4 Bg7 6.Be3 Nf6 7.Bc4 O-O 8.Bb3 d6
9.h3 Bd7 10.O-O Nxd4 11.Bxd4 Bc6 12.Qd3 Qa5 13.Rfe1 e5 14.Be3 Rad8 15.Bg5 h6
16.Bxf6 Bxf6 17.Nd5 Bg7 18.Rad1 Bxd5 19.Qxd5 Qc7 20.Re3 Kh8 21.Rg3 Qe7 22.Qd2 Qh4
23.Qe2 Bf6 24.Rc3 Bg7 25.Rcd3 Qe7 26.Qd2 Qh4 27.Qe3 Qe7 28.Qxa7 f5 29.Qb6 Rf6
30.Bd5 fxe4 31.Rc3 Rd7 32.Rc8+ Bf8 33.Re1 Rf4 34.Rxe4 Rxe4 35.Bxe4 d5 36.Bxg6 Rd6
37.Qc5 Qf6 38.Qc7  1-0